[Event "Mecklenburg VP LL2 Ost 0102"]
[Site "Mecklenburg VP"]
[Date "2002.04.28"]
[Round "9.5"]
[White "Runge, Bernd"]
[Black "Mildner, Jens"]
[Result "0-1"]
[WhiteElo "1378"]
[BlackElo "1960"]
[PlyCount "56"]
[EventDate "2001.10.07"]
[EventType "team-tourn"]
[EventRounds "9"]
[EventCountry "GER"]
[SourceTitle "EXT 2003"]
[Source "ChessBase"]
[SourceDate "2002.11.25"]
[SourceVersion "1"]
[SourceVersionDate "2002.11.25"]
[SourceQuality "1"]
[WhiteTeam "Rostock PSV II"]
[BlackTeam "Greifswald"]
[WhiteTeamCountry "GER"]
[BlackTeamCountry "GER"]

1. d4 c5 2. g3 Nf6 3. Bg2 cxd4 4. Nf3 e5 5. Nxe5 Qa5+ 6. Nd2 Qxe5 7. a3 Nc6 8. 0-0 Bc5 9. Nc4 Qe6 10. Nd2 a5 11. b3 0-0 12. Bb2 d5 13. Nf3 Bd7 14. Bxd4 Nxd4 15. Nxd4 Bxd4 16. Qxd4 Rfe8 17. e3 Bc6 18. Rab1 Qe5 19. Qd3 Ne4 20. b4 axb4 21. axb4 b5 22. Rb3 g6 23. f3 Nd6 24. f4 Qe6 25. Rd1 Ne4 26. h4 Qg4 27. Bxe4 dxe4 28. Qf1 Qxg3+ 0-1